Countries in their Native Name - Statistics

General Stats
  • This quiz has been taken 33 times
  • The average score is 90 of 197
Answer Stats
English Name Native Language Native Name % Correct
United Kingdom English United Kingdom
87%
Antigua and Barbuda English Antigua and Barbuda
83%
Germany German Deutschland
83%
United States of America English United States of America
83%
Andorra Catalan Andorra
78%
Argentina Spanish Argentina
78%
Australia English Australia
78%
Bahamas English Bahamas
78%
Chile Spanish Chile
78%
Colombia Spanish Colombia
78%
Ecuador Spanish Ecuador
78%
Barbados English Barbados
74%
Belize English Belize
74%
Canada English Canada
74%
Costa Rica Spanish Costa Rica
74%
Cuba Spanish Cuba
74%
Gambia English Gambia
74%
Grenada English Grenada
74%
Italy Italian Italia
74%
Jamaica English Jamaica
74%
Mexico Spanish México
74%
Panama Spanish Panamá
74%
Portugal Portuguese Portugal
74%
Dominican Republic Spanish República Dominicana
74%
São Tomé and Príncipe Portuguese São Tomé and Príncipe
74%
St. Kitts and Nevis English St. Kitts and Nevis
74%
St. Lucia English St. Lucia
74%
St. Vincent and the Grenadines English St. Vincent and the Grenadines
74%
Trinidad and Tobago English Trinidad and Tobago
74%
Uruguay Spanish Uruguay
74%
Brazil Portuguese Brasil
70%
El Salvador Spanish El Salvador
70%
Spain Spanish España
70%
Guinea-Bissau Portuguese Guiné-Bissau
70%
Guyana English Guyana
70%
Honduras Spanish Honduras
70%
Iran Persian Īrān
70%
Laos Lao Lao
70%
Liberia English Liberia
70%
Liechtenstein German Liechtenstein
70%
Malta Maltese Malta
70%
Monaco French Monaco
70%
New Zealand English New Zealand
70%
Niger French Niger
70%
Austria German Österreich
70%
Pakistan Urdu Pākistān
70%
Gabon French République gabonaise
70%
Samoa Samoan Sāmoa
70%
San Marino Italian San Marino
70%
Tonga Tongan Tonga
70%
Vanuatu French Vanuatu
70%
Venezuela Spanish Venezuela
70%
Sudan Arabic As-Sudan
65%
Dominica English Dominica
65%
France French France
65%
Guatemala Spanish Guatemala
65%
Kenya Swahili Kenya
65%
Kiribati Gilbertese Kiribati
65%
Mali Bambara Mali
65%
Micronesia English Micronesia
65%
Nepal Nepalese Nepāl
65%
Japan Japanese Nihon/Nippon
65%
Qatar Arabic Qaṭar
65%
Rwanda Kinyarwanda Rwanda
65%
Sierra Leone English Sierra Leone
65%
South Sudan Swahili Sudan Kusini
65%
Togo Ewe Togo
65%
Turkey Turkish Türkiye
65%
Uganda Swahili Uganda
65%
Bangladesh Bengali Bānglādesh
61%
Brunei Malay Brunei
61%
Ivory Coast French Cote d'Ivoire
61%
Lesotho Sesotho Lesotho
61%
Malawi Chichewa Malaŵi
61%
Moldova Romanian Moldova
61%
Mongolia Mongolian Mongol Uls
61%
Nicaragua Spanish Nicaragua
61%
Romania Romanian România
61%
Senegal Wolof Senegaal
61%
Suriname Dutch Suriname
61%
Thailand Thai Thai/Prathet Thai/Ratch-anachak Thai
61%
East Timor Tetum Timor Lorosa'e
61%
Tuvalu Tuvaluan Tuvalu
61%
Taiwan Chinese Zhōnghuá Mínguó/Taiwan
61%
Benin Yoruba Benin
57%
Botswana Tswana Botswana
57%
Burkina Faso Mossi Burkĩna Faso
57%
Cape Verde Portuguese Cabo Verde
57%
Ireland Irish Éire
57%
Malaysia Malay Malaysia
57%
Myanmar Burmese Myanma
57%
Norway Norwegian Norge/Noreg
57%
Solomon Islands Neo-Solomonic Solomon Aelan
57%
Sri Lanka Sinhala Sri Lankā
57%
Finland Finnish Suomi
57%
Zambia Bemba Zambia
57%
Zimbabwe Shona Zimbabwe
57%
Indonesia Javanese Indonesia
52%
Iceland Icelandic Ísland
52%
Netherlands Dutch Nederland
52%
Poland Polish Polska
52%
India Hindi Bhārat
48%
Denmark Danish Danmark
48%
Eswatini Swazi eSwatini
48%
Kyrgyzstan Kyrgyz Kyrgyzstan
48%
Egypt Arabic Misr/Masr
48%
Sweden Swedish Sverige
48%
Tanzania Swahili Tanzania
48%
Turkmenistan Turkmen Türkmenistan
48%
Belgium Dutch België
43%
Congo, Republic of the Kongo Repubilika ya Kôngo
43%
Congo, Democratic Republic of the Kongo Republíki ya Kongó Demokratíki
43%
Russia Russian Rossiya/Rossiâ
43%
Switzerland German Schweiz
43%
China Mandarin Zhōngguó
43%
Cambodia Khmer Kămpŭchéa
39%
United Arab Emirates Arabic Al-’Imārat Al-‘Arabiyyah Al-Muttaḥidah
35%
Cameroon French Cameroun
35%
Greece Greek Hellas
35%
Kosovo Albanian Kosova
35%
Hungary Hungarian Magyarország
35%
Albania Albanian Shqipëria
35%
Slovenia Slovene Slovenija
35%
Vietnam Vietnamese Việt Nam
35%
Haiti Haitian Creole Ayiti
30%
Czechia Czech Česko
30%
Montenegro Montenegrin Crna Gora
30%
Estonia Estonia Eesti
30%
Ghana Akan Gaana
30%
Armenia Armenian Hayastán
30%
Latvia Latvian Latvija
30%
Luxembourg Luxembourgish Lëtzebuerg
30%
Lithuania Lithuanian Lietuva
30%
Philippines Filipino Pilipinas
30%
Singapore Malay Singapura
30%
Serbia Serbian Srbija
30%
Azerbaijan Azerbaijani Azərbaycan
26%
Bosnia and Herzegovina Bosnian Bosna i Hercegovina
26%
Vatican City Latin Civitas Vaticana
26%
Equatorial Guinea Spanish Guinea Ecuatorial
26%
Croatia Croatian Hrvatska
26%
Comoros Shikomor Komori
26%
Mozambique Portuguese Moçambique
26%
Kazakhstan Kazakh Qazaqstan
26%
Georgia Georgian Sak'art'velo
26%
Seychelles Seychellois Creole Sesel
26%
North Macedona Macedonian Severna Makedonija
26%
Afghanistan Pashto Afġānistān
22%
Bahrain Arabic Al-Baḥrayn
22%
Iraq Arabic Al-'Iraq
22%
Palau Palauan Belau
22%
Maldives Dhivehi Dhivehi Raajje
22%
Cyprus Greek Kypros
22%
Namibia Afrikaans Namibië
22%
South Africa Afrikaans Suid-Afrika
22%
Israel Hebrew Yisra'el
22%
North Korea Korean Chosŏn/Bukchosŏn
17%
Kuwait Arabic Dawlat ul-Kuwayt
17%
Libya Arabic Lībiyā
17%
Uzbekistan Uzbek O'zbekistan
17%
Papua New Guinea Tok Pisin Papua Niugini
17%
Oman Arabic ‘Umān
17%
Fiji Fijian Viti
17%
Jordan Arabic Al-'Urdun
13%
Marshall Islands Marshallese Aorōkin Ṃajeḷ
13%
Palestine Arabic Filasṭīn
13%
Guinea Maninka Gine
13%
South Korea Korean Hanguk/Namhan
13%
Lebanon Arabic Lubnān
13%
Madagascar Malagasy Madagasikara
13%
Mauritius Mauritian Creole Moris
13%
Nauru Nauruan Naoero
13%
Angola Kongo Ngola
13%
Paraguay Guaraní Paraguái
13%
Somalia Somali Soomaaliya
13%
Chad Arabic Tšād
13%
Algeria Arabic Al-Jazā'ir
9%
Morocco Arabic Al-maɣréb
9%
Yemen Arabic Al-Yaman
9%
Bulgaria Bulgarian Bălgariya/Bălgarija
9%
Central Afrcan Republic Sango Bêafrîka
9%
Belarus Byelorussian Bielarus
9%
Bhutan Dzongkha Druk Yul
9%
Peru Quechua Piruw
9%
Syria Arabic Suriyah
9%
Burundi Kirundi Uburundi
9%
Saudi Arabia Arabic Al-Mamlaka Al-‘Arabiyyah as Sa‘ūdiyyah
4%
Bolivia Quechua Buliwya
4%
Djibouti Afar Gabuuti
4%
Ethiopia Amharic Ityopi'a
4%
Mauritania Arabic Mūrītānyā
4%
Nigeria Hausa Nijeriya
4%
Slovakia Slovak Slovesko
4%
Tunisia Arabic Tūns
4%
Ukraine Ukrainian Ukrajina
4%
Eritrea Tgirinya Erta
0%
Tajikistan Tajik Tojikistan
0%
No matching quizzes found
Score Distribution
Percent of People with Each Score
Percentile by Number Answered
Your Score History
You have not taken this quiz